000 00358pam a2200145 a 4500
020 _c
041 _h
082 _a658.80999999999995
_bTHO
100 _aThomas, N, Ingram
245 _aSales Management Analysis And Decision Making
_hTextual Documents
260 _aLondan
_bThe Dryden Press
300 _a426
700 _aLaforge, R, W
930 _a9281
999 _c116106
_d116106